| 000 | 01286nam a22002657a 4500 | ||
|---|---|---|---|
| 005 | 20090326143152.0 | ||
| 008 | 090326t xxu||||| |||| 00| 0 hin d | ||
| 010 | _aHIN-86386 | ||
| 020 |
_a9788121612746 _c495.00 |
||
| 035 | _aHN-58732 | ||
| 037 | _bDBAD / PUB | ||
| 040 |
_adpl _bhn |
||
| 082 | _a250 | ||
| 100 | _aहन्ह, तिक न्यात | ||
| 245 |
_aजहं जहं चरन परे गौतम केः _bबुद्ध का जीवन व शिक्षाएं / _cतिक न्यात हन्ह |
||
| 246 |
_aJahn Jahn Charana pare Gautam ke _bThich Nhat Hanh |
||
| 260 |
_aनई दिल्ली _bसरस्वती विहार _c2008 |
||
| 260 |
_aनई दिल्ली _bहिन्द पॉकेट बुक्स _c2008 |
||
| 270 |
_aजे-40, जोरबाग लेन _bनई दिल्ली _e110003 |
||
| 300 |
_a576 पृ _bसचित्र _c22सेमी (सजिल्द) |
||
| 650 | _aबौद्ध धर्म | ||
| 650 | _aBuddhism | ||
| 942 |
_2ddc _cHN _h250 _mहन्हति |
||
| 999 |
_c25533 _d25533 |
||